Chemické riziká - legislatíva a prax. : Aktuálne ekologické otázky E-99. Zborník prednášok zo seminára v Žiline 27.5.1999
Na minha lista:
| Formato: | Livro |
|---|---|
| Idioma: | eslovaco |
| Publicado em: |
Prešov :
BIJO VZ, s.r.o.,
1999
|
| Assuntos: | |
| Tags: |
Sem tags, seja o primeiro a adicionar uma tag!
|
MARC
| LEADER | 00000nam a22000003a 4500 | ||
|---|---|---|---|
| 001 | stu51970 | ||
| 005 | 20150408162234.2 | ||
| 008 | 000209s1999----xo------------------slo-d | ||
| 040 | |a STU |b slo | ||
| 041 | 0 | |a slo | |
| 044 | |a xo | ||
| 080 | |a 502.5(061.3) | ||
| 245 | |a Chemické riziká - legislatíva a prax. : |b Aktuálne ekologické otázky E-99. Zborník prednášok zo seminára v Žiline 27.5.1999 | ||
| 260 | |a Prešov : |b BIJO VZ, s.r.o., |c 1999 | ||
| 300 | |a 135 s. Tab.,grafy | ||
| 500 | |a V rámci cyklu "Aktuálne ekologické otázky E-99" | ||
| 650 | 7 | |a Riziká chemické |2 stusub | |
| 650 | 7 | |a ekológia |2 stusub | |
| 996 | |b 284M034989 |c M*Z-1982 |l MMKN |s A |a 24 |w stu51970_0001 | ||
| 996 | |b CK604 |c C*K604 |l CCXXVI |s P |a 0 |w stu51970_0002 | ||